En rada /

-д хадгалсан:
Номзүйн дэлгэрэнгүй
Үндсэн зохиолч: Huysmans, Joris-Karl (autor)
Формат: Ном
Хэл сонгох:испани
Хэвлэсэн: México : Secretaría de Educación Pública : Siglo XXI, 1982, c1982
Цуврал:(De la Gran Literatura)
Нөхцлүүд:
Шошгууд: Шошго нэмэх
Шошго байхгүй, Энэхүү баримтыг шошголох эхний хүн болох!

MARC

LEADER 00000nam^a2200000^a^4500
001 000163946
005 20250521000000.0
009 20260310100925.534
020 |a 968-23-1206-X 
037 |a Acervo ITESO - Biblioteca 
041 |a ESP 
082 |a 843.  |b HUY 
100 |a Huysmans, Joris-Karl  |e (autor) 
245 1 0 |a En rada /  |c J.K. Huysmans ; tr. por German Gómez de la Mata. 
264 4 |a México :  |b Secretaría de Educación Pública :  |b Siglo XXI,  |c 1982, c1982 
300 |a 171 p. 
336 |a texto  |b txt  |2 rdacontenido 
337 |a sin mediación  |b n  |2 rdamedio 
338 |a volumen  |b nc  |2 rdasoporte 
440 1 |a (De la Gran Literatura) 
545 0 |a Charles Marie Georges Huysmans, mejor conocido como Joris-Karl Huysmans (París 1849-1907), fue un escritor y crítico de arte francés. En sus inicios como escritor, era defensor del naturalismo, pero abandonó este movimiento para explorar las novedades del simbolismo, promover la pintura impresionista y la valoración de los artistas primitivos; en su obra A contrapelo (1884), rompe claramente con la estética naturalista, expresando su disgusto por un mundo moderno compuesto, según él, por bribones e imbéciles, guiado por el pesimismo de Schopenhauer, y desarrollando en su literatura una filosofía existencial de la vida. Se le ha considerado representante del decadentismo; en sus últimos años sus novelas reflejan su conversión al catolicismo. Entre sus obras se encuentran también: Le drageoir aux épices (1874); Sac au dos (1880); Là-bas (1891); La cathédrale (1898), su obra más exitosa desde el punto de vista comercial; De Tout (1902); Les foules de Lourdes (1906). 
649 |a XX 
650 |a Novela Francesa 
650 |a Literatura Francesa 
650 |a Campesinos en la Literatura 
910 |a Fondo Armando Suárez Gómez 
920 |a Impresos - Libros 
930 |a Fondos Especiales 
940 |a Literatura 
905 |a 111 
901 |a 0700005748  |b IT2  |c ESP  |u 20250521 
902 |a https://opac.biblio.iteso.mx/vufind/Record/000163946